[Event "Barcelona Sant Marti op 6th"]
[Site "Barcelona"]
[Date "2017.02.23"]
[Round "7"]
[White "Vallbona Domingo, Joan"]
[Black "Montoliu Delgado, Isaac"]
[Result "1/2-1/2"]
[WhiteElo "1892"]
[BlackElo "2003"]
[PlyCount "79"]
[EventDate "2017.01.12"]
[EventType "swiss"]
[EventRounds "9"]
[EventCountry "ESP"]
[SourceTitle "EXT 2018"]
[Source "ChessBase"]
[SourceDate "2017.10.13"]
[SourceVersion "1"]
[SourceVersionDate "2017.10.13"]
[SourceQuality "1"]

1. c4 c6 2. Nf3 d5 3. e3 f5 4. Nc3 Nf6 5. Qc2 e6 6. b3 Be7 7. Bb2 0-0 8. Be2 Ne4 9. d3 Nxc3 10. Bxc3 Bf6 11. g3 Bxc3+ 12. Qxc3 Qf6 13. Qxf6 gxf6 14. cxd5 cxd5 15. Rc1 Nc6 16. d4 Bd7 17. Bb5 Rfc8 18. Bxc6 Rxc6 19. Rxc6 Bxc6 20. Kd2 Kf7 21. Rc1 Ke7 22. Ne1 Kd6 23. f4 a5 24. a3 a4 25. b4 Bb5 26. Rc3 Bc4 27. Kc1 b5 28. Kd2 Rg8 29. Rc1 Rg7 30. Nf3 Rc7 31. Rc3 Rg7 32. Ke1 Rc7 33. Kf2 Rg7 34. Nh4 Rc7 35. h3 Rg7 36. Rc1 Rg8 37. Nf3 Rg7 38. Nh2 h5 39. Nf3 Rg8 40. Rc3 1/2-1/2

[Event "Balaguer op"]
[Site "Balaguer"]
[Date "2003.07.16"]
[Round "2"]
[White "Vassallo Barroche, Mauricio"]
[Black "Montoliu Delgado, Isaac"]
[Result "1-0"]
[WhiteElo "2396"]
[BlackElo "2062"]
[PlyCount "73"]
[EventDate "2003.07.14"]
[EventType "swiss"]
[EventRounds "9"]
[EventCountry "ESP"]
[SourceTitle "CBM 095 Extra"]
[Source "ChessBase"]
[SourceDate "2003.09.04"]
[SourceVersion "1"]
[SourceVersionDate "2003.09.04"]
[SourceQuality "1"]

1. d4 d5 2. c4 e6 3. Nf3 Nf6 4. g3 c6 5. Qc2 Nbd7 6. Bg2 Bd6 7. Nbd2 0-0 8. 0-0 Re8 9. b3 e5 10. cxd5 Nxd5 11. Nc4 Qc7 12. dxe5 Nxe5 13. Ng5 Ng6 14. Nxd6 Qxd6 15. Bb2 Qe7 16. Nf3 Qxe2 17. Rae1 Qxc2 18. Rxe8+ Nf8 19. Ba3 h6 20. Nd4 Qd3 21. Rxf8+ Kh7 22. Bb2 Nc3 23. Nf3 Qc2 24. Ba1 b6 25. Re1 Bb7 26. Rxf7 Ba6 27. h4 Rg8 28. Kh2 Kh8 29. Rxa7 Bd3 30. Re3 Nd5 31. Re6 Nf6 32. Rxf6 gxf6 33. Bxf6+ Rg7 34. Rxg7 Qxf2 35. Rd7+ Kg8 36. Rxd3 Qxa2 37. Ne5 1-0